| 000 | 00708nam a2200205 i 4500 | ||
|---|---|---|---|
| 001 | 43925 | ||
| 003 | ES-MaACL | ||
| 005 | 20230906160918.0 | ||
| 007 | t| | ||
| 008 | 030320s1923 sp ||||1| spa d | ||
| 100 | 1 |
_aCicerón, Marco Tulio. _938748 |
|
| 245 | 1 | 0 |
_aDiscursos _b: en defensa de Quineti, de Rosci Ameri, de Rosci Comediant, de Tulli / _cM. T. Ciceró ; traducció de Llorenç Riber. |
| 260 |
_aBarcelona : _bEdit. Catalana, _c1923. |
||
| 300 |
_aXLII, 141 p. ; _c22 cm. |
||
| 490 | 1 | _aFundació Bernat Metge. Escriptors Llatins | |
| 700 | 1 |
_aLlorenç Riber. _972868 |
|
| 830 | 0 |
_aFundació Bernat Metge. Escriptors Llatins _9181998 |
|
| 852 |
_aES-MaACL _jC-8183 |
||
| 999 |
_c43925 _d43925 |
||